000 00520nam a2200181 a 4500
001 000004319
005 20240528102159.0
008 090721s1981 dr 000 0 spa d
040 _aDO-SdBNP
_bspa
_cBNPHU
082 _a320.1
_bT233t
100 1 _aTaveras, Juan M.
_912745
245 1 0 _aTeorĂ­a del estado moderno /
_cJuan M. Taveras.
260 _aSanto Domingo :
_bNivar,
_c1981.
300 _a149 p. ;
_c22 cm.
590 _aInventariado,2018/DG
650 0 _aEstado
_9726
910 _aValidado. Control de calidad MFF
999 _c4128
_d4128